书目信息 |
| 题名: |
空中指南
|
|
| 作者: | 王金锋 编写 | |
| 分册: | ||
| 出版信息: | 长春 吉林出版集团有限责任公司 2011.03 |
|
| 页数: | 120页 | |
| 开本: | 21cm | |
| 丛书名: | 共和国故事 | |
| 单 册: | ||
| 中图分类: | I253.6 , V474.2 | |
| 科图分类: | ||
| 主题词: | 报告文学--中国--现代 , 导航卫星--航天器发射--中国--史料 , 导航卫星 , 航天器发射 , 报告文学 | |
| 电子资源: | ||
| ISBN: | 978-7-5463-1915-5 | |
| 000 | 01087nam 22003371 450 | |
| 001 | 004987913 | |
| 005 | 20110302113903.42 | |
| 010 | @a978-7-5463-1915-5@dCNY22.00 | |
| 096 | @aI25@bwjf | |
| 100 | @a20101015d2011 em y0chiy50 ea | |
| 101 | 0 | @achi |
| 102 | @aCN@b220000 | |
| 105 | @ay a 000zy | |
| 200 | 1 | @a空中指南@9kong zhong zhi nan@e中国成功发射系列导航卫星@f王金锋编写 |
| 210 | @a长春@c吉林出版集团有限责任公司@d2011.03 | |
| 215 | @a120页@d21cm | |
| 225 | 2 | @a共和国故事 |
| 320 | @a有书目 (第119-120页) | |
| 330 | @a本书介绍了中国成功发射系列导航卫星的情况,内容包括提出方案、艰难起步、初尝成功、再创辉煌、开发应用、走向未来。 | |
| 410 | 0 | @12001 @a共和国故事 |
| 517 | 1 | @a中国成功发射系列导航卫星@9zhong guo cheng gong fa she xi lie dao hang wei xing |
| 606 | 0 | @a报告文学@y中国@z现代 |
| 606 | 0 | @a导航卫星@x航天器发射@y中国@j史料 |
| 606 | 0 | @a导航卫星 |
| 606 | 0 | @a航天器发射 |
| 606 | 0 | @a报告文学 |
| 690 | @aI253.6@v4 | |
| 690 | @aV474.2@v4 | |
| 701 | 0 | @a王金锋@9wang jin feng@4编写 |
| 801 | 0 | @c20110302 |
| 905 | @aZUCC@dI253.6@eW2306@f3 | |
| 空中指南:中国成功发射系列导航卫星/王金锋编写.-长春:吉林出版集团有限责任公司,2011.03 |
| 120页;21cm.-(共和国故事) |
| ISBN 978-7-5463-1915-5:CNY22.00 |
| 本书介绍了中国成功发射系列导航卫星的情况,内容包括提出方案、艰难起步、初尝成功、再创辉煌、开发应用、走向未来。 |
| ● |
| 相关链接 |
|
|
|
正题名:空中指南
索取号:I253.6/W2306
 
预约/预借
| 序号 | 登录号 | 条形码 | 馆藏地/架位号 | 状态 | 备注 |
| 1 | 1188180 | 211881800 | 文学库108/108文学库 67排4列4层/ [索取号:I253.6/W2306] | 在馆 | |
| 2 | 1188181 | 211881819 | 文学库108/108文学库 67排4列4层/ [索取号:I253.6/W2306] | 在馆 | |
| 3 | 1188182 | 211881828 | 文学库108/108文学库 68排6列4层/ [索取号:I253.6/W2306] | 在馆 |